| 000 | 00401nam a22001817a 4500 | ||
|---|---|---|---|
| 003 | NUST | ||
| 020 | _a0-273-731602 | ||
| 038 | _akhadija | ||
| 082 |
_a658.5 _bSLA |
||
| 100 |
_aNigel Slack _985269 |
||
| 245 |
_aOperations Management / _cNigel Slack |
||
| 250 | _a6th | ||
| 260 |
_aNew Jersey, _bJohn Wiley _c2003. |
||
| 300 | _a675p. : | ||
| 500 | _aPaperback. | ||
| 563 | _aPB | ||
| 942 |
_cBK _2ddc |
||
| 999 |
_c32492 _d32492 |
||